000 00355nam a2200145Ia 4500
005 20251222152041.0
008 251222s9999||||xx |||||||||||||| ||spa||
020 _a8471145715
082 _a634.302/A55
100 _aAmorós Castañer, Manuel
245 0 _aProducción de Agrios
250 _a1ra.ed.
264 _bEdiciones Mundi.Prensa
942 _cLIB
999 _c26063
_d26063